000 00544cam a22002291 4500
001 sa 64002063
003 DLC
005 20260227112007.0
008 890717s1962 ii 000 0 tamo
010 _asa 64002063
035 _a(OCoLC)20023670
040 _aDLC
_cWaU
_dDLC
042 _apremarc
043 _aa-ii---
050 0 0 _aPL4758.2
_b.C4
100 0 _aCentur˞aimuttu.
245 1 0 _aIlakkiya amutu.
260 _c[1962]
300 _a87 p.
_c19 cm.
500 _aIn Tamil.
650 0 _aTamil poetry
_xHistory and criticism.
999 _c57146
_d57146